|
|
|
|
| LEADER |
00000nam a22000007a 4500 |
| 005 |
20220919212938.0 |
| 007 |
cr|||| |||| |
| 008 |
220919s2002 us |||||s|||| 00||0 eng d |
| 020 |
|
|
|a 1-58576-038-2
|
| 035 |
|
|
|a 36376
|
| 040 |
|
|
|a vLex
|
| 090 |
|
|
|c 13935
|d 13935
|
| 100 |
1 |
|
|a Houck, Oliver A.
|
| 245 |
1 |
3 |
|a The Clean Water Act TMDL Program
|h [Recurso electrn̤ico] :
|b Law, Policy, and Implementation /
|c Oliver A. Houck
|
| 256 |
|
|
|a Servicio en ln̕ea
|
| 260 |
|
|
|a Washington DC:
|b Environmental Law Institute,
|c 2002
|
| 300 |
|
|
|a 1 recurso electrn̤ico
|
| 500 |
|
|
|a The Total Maximum Daily Load (TMDL) program is becoming a fact of life for many industries, the EPA, and state and local agencies. Make sure that you know all there is to know about the TMDL requirements of clean water legislation! This is the definitive guide-newly revised and updated to include new chapters, information, and appendices.
|
| 506 |
1 |
|
|a Disponible solo en los productos indicados
|d vLex Global
|d vLex Global (Academic Edition, excluding Law Schools)
|d vLex Global (Academic Edition, Law Schools)
|
| 650 |
0 |
4 |
|a Derecho del Medio Ambiente
|z Estados Unidos
|
| 740 |
0 |
|
|a vLex Libros (Servicio en ln̕ea)
|
| 856 |
4 |
0 |
|u https://app.vlex.com/#/sources/36376
|z Acceso restringido
|
| 942 |
|
|
|c BOOK
|
| 999 |
0 |
|
|a Environmental Law
|